Thể dục 5 Sách giáo viên
সংরক্ষণ করুন:
| প্রধান লেখক: | |
|---|---|
| অন্যান্য লেখক: | |
| বিন্যাস: | গ্রন্থ |
| ভাষা: | Undetermined |
| প্রকাশিত: |
H.
Giáo dục Việt Nam
2010
|
| বিষয়গুলি: | |
| অনলাইন ব্যবহার করুন: | http://lrc.tdmu.edu.vn/opac/search/detail.asp?aID=2&ID=16340 |
| ট্যাগগুলো: |
ট্যাগ যুক্ত করুন
কোনো ট্যাগ নেই, প্রথমজন হিসাবে ট্যাগ করুন!
|
| Thư viện lưu trữ: | Trung tâm Học liệu Trường Đại học Thủ Dầu Một |
|---|
| LEADER | 00682nam a2200217Ia 4500 | ||
|---|---|---|---|
| 001 | TDMU_16340 | ||
| 008 | 210410s9999 xx 000 0 und d | ||
| 082 | |a 790.72 | ||
| 090 | |b TR121 | ||
| 100 | |a Trần, Đồng Lâm | ||
| 245 | 0 | |a Thể dục 5 | |
| 245 | 0 | |b Sách giáo viên | |
| 245 | 0 | |c Trần Đồng Lâm | |
| 260 | |a H. | ||
| 260 | |b Giáo dục Việt Nam | ||
| 260 | |c 2010 | ||
| 300 | |a 176tr | ||
| 650 | |a Sách lớp 5; Sách giáo viên; Thể dục | ||
| 700 | |a Đặng, Đức Thao | ||
| 856 | |u http://lrc.tdmu.edu.vn/opac/search/detail.asp?aID=2&ID=16340 | ||
| 980 | |a Trung tâm Học liệu Trường Đại học Thủ Dầu Một | ||